000 01964ngm a2200409 4500
003 dpl
005 20080723110517.0
007 DVD
008 ||||||sp199 xxu|||||c|||| 00| 0 eng d
010 _aDVD-000460-462
024 _a16209
_c499.00
035 _aDVD-000460-462
040 _aDPL
_cDPL
082 _aDVD / ROMA
245 _aRomancing the Stone
_c20th Century Fox Presents
_h[videorecording] DVD/
260 _b20th Century Fox Homeentertainment
300 _a1 videodisc DVD; (106 min.) :
_bsd., col. ;
_c4 3/4 in.
_fDVD
440 _a20th Centyry Fox Home Entertainment
500 _aSole Distributor in India M/s. Excel Productions Autio Visuals Pvt. Ltd.
500 _aLots of Fun Delightful, Pure Escapism Special Features- Interactive Menus, Scene Access, Original Theatrical Trailer, Multiple Language Subtitles
538 _aDolby Digital 5.1-English, Subtitles: English, Cantonese, Korean,Mandarin, Thai
538 _aAspect Ratio: 1.85:1, Presentation type: Wide Screne, Presentation Size 16x9, Format DVD 9 Dual Layer Single Sided Disc.
650 _aMotion Picture
700 _aDouglas, Michael
700 _aTurner, Kathleen
700 _aZemeckis, Robert
700 _aDeVito, Danny
700 _aArau, Alfonso
700 _aOjeda, Manuel
700 _aPaull, Lawrence G.
700 _aCundey, Dean
942 _cCF
_2ddc
_hDVD
_mROMA
999 _c15618
_d15618